| Tag |
First Indicator |
Second Indicator |
Subfields |
| LEADER |
00000cam a2200000 4500 |
| 001 |
in00000738113 |
| 005 |
20151016071034.0 |
| 008 |
760930s1900 nhucf 00010 engm |
| 010 |
|
|
|a 07025697
|
| 035 |
|
|
|a (OCoLC)02475053
|
| 035 |
|
|
|9 ADE4163AM
|
| 040 |
|
|
|a DLC
|c TLM
|d TXA
|d UtOrBLW
|
| 049 |
|
|
|a TXAM
|c 1 [45665]
|
| 050 |
0 |
0 |
|a S451
|b .B9
|
| 092 |
|
|
|a 630.9771
|b B959h
|
| 100 |
1 |
|
|a Burkett, Charles William,
|d 1873-1962.
|
| 245 |
1 |
0 |
|a History of Ohio agriculture ;
|b a treatise on the development of the various lines and phases of farm life in Ohio /
|c by Charles William Burkett ...
|
| 264 |
|
1 |
|a Concord, N. H. :
|b Rumford Press,
|c 1900.
|
| 300 |
|
|
|a 211 pages :
|b frontispiece (portrait) 3 plates ;
|c 20 cm.
|
| 336 |
|
|
|a text
|b txt
|2 rdacontent
|
| 337 |
|
|
|a unmediated
|b n
|2 rdamedia
|
| 338 |
|
|
|a volume
|b nc
|2 rdacarrier
|
| 650 |
|
0 |
|a Agriculture
|z Ohio.
|
| 999 |
|
|
|a MARS
|
| 999 |
f |
f |
|s 93c326ce-a4e6-3a4e-bf54-0f935f60a014
|i a764fb64-0433-3957-856a-08fbcb1d217a
|t 0
|
| 952 |
f |
f |
|p ric
|a Texas A&M University
|b Rellis Campus
|c Joint Library Facility
|d Remote Storage
|t 0
|e S451 .B9
|h Library of Congress classification
|i unmediated -- volume
|m A14801059504
|
| 998 |
f |
f |
|a S451 .B9
|t 0
|l Remote Storage
|